Russian Speaking Cities - Sudden Death - Statistics

General Stats
  • This quiz has been taken 215 times
  • The average score is 12 of 25
Answers on the Grid
Answers color-coded by a green-red scale on the quiz's grid according to % correct below.
Osh
Astana
Lviv
Tiraspol
Riga
Dushanbe
Mogilev
Donetsk
Kyiv
Kharkiv
Grodno
Tallinn
Tashkent
Minsk
Murmansk
Yekaterinburg
Vilnius
Nizhny Novgorod
Ulaanbaatar
Odessa
Daugavpils
Sevastopol
St. Petersburg
Warsaw
Chisinau
Gomel
Kaliningrad
Almaty
Tbilisi
Dnipro
Bishkek
Yerevan
Petropavl
Volgograd
Ashgabat
Vladivostok
Helsinki
Novosibirsk
Krasnoyarsk
Sofia
Samara
Budapest
Kaunas
Baku
Makhachkala
 
Answer Stats
Answer % Correct
St. Petersburg
72%
Nizhny Novgorod
68%
Yekaterinburg
68%
Kaliningrad
67%
Vladivostok
62%
Novosibirsk
61%
Volgograd
60%
Murmansk
58%
Minsk
57%
Krasnoyarsk
55%
Sevastopol
54%
Donetsk
49%
Mogilev
48%
Tiraspol
46%
Samara
45%
Makhachkala
42%
Petropavl
39%
Astana
38%
Gomel
37%
Kharkiv
37%
Grodno
36%
Odessa
22%
Dnipro
20%
Daugavpils
10%
Bishkek
7%
No matching quizzes found
Score Distribution
Percent of People with Each Score
Percentile by Number Answered
Your Score History
You have not taken this quiz